Postacie z bajek - Statystyki

Ogólne statystyki
  • Ten quiz został rozwiązany 376 razy
  • Średni wynik to 7 z 10
Statystyki odpowiedzi
Obrazkowy Odpowiedź % Poprawnych
Dora
89%
Stich
89%
Simba
88%
Alladyn
87%
Skalmar
81%
Vaiana
68%
maleństwo
55%
Urszula
45%
Miguel
31%
Baloo
21%
Nie znaleziono quizów pasujących do podanych kryteriów
Rozkład punktacji
Procent ludzi z każdym wynikiem
Percentyl według liczby udzielonych odpowiedzi
Twoja historia wyników
Nie rozwiązałeś tego quizu